Zmena nákupného správania v krízovom období s dopadom na dopyt po privátnych značkách diplomová práca

Salvato in:
Dettagli Bibliografici
Autore principale: Kopunik, Stanislav
Ente Autore: Obchodná fakulta EU. Katedra marketingu
Altri autori: Žák, Štefan, 1971-
Natura: Libro
Lingua:slovacco
Pubblicazione: Bratislava 2024
Tags: Aggiungi Tag
Nessun Tag, puoi essere il primo ad aggiungerne!!

MARC

LEADER 00000nbm a2200000 4500
001 0302267
005 20241206151920.4
041 0 |a slo 
044 |a SK 
245 1 0 |a Zmena nákupného správania v krízovom období s dopadom na dopyt po privátnych značkách  |b diplomová práca  |c Stanislav Kopunik ; školiteľ: Štefan Žák 
264 1 |a Bratislava  |c 2024 
300 |a 64 s. 
100 1 |a Kopunik, Stanislav 
700 1 |a Žák, Štefan, 1971- 
710 2 |a Obchodná fakulta EU. Katedra marketingu